World Cup : Panini Football Collections : 1970-2006 /
Uloženo v:
| Korporativní autor: | |
|---|---|
| Další autoři: | |
| Médium: | Kniha |
| Jazyk: | španělština |
| Vydáno: |
Barcelona, España :
GalaBooks Ediciones,
2010, c2010
|
| Vydání: | Edición especial |
| Témata: | |
| Tagy: |
Žádné tagy, Buďte první, kdo vytvoří štítek k tomuto záznamu!
|
MARC
| LEADER | 00000nam^a2200000^a^4500 | ||
|---|---|---|---|
| 001 | 000423453 | ||
| 005 | 20250526000000.0 | ||
| 009 | 20260310122627.276 | ||
| 020 | |a 978-84-937482-0-3 | ||
| 037 | |a Acervo ITESO - Biblioteca | ||
| 041 | |a GRA | ||
| 041 | |a ESP | ||
| 082 | |a 796. 334668 |b PAN 1970-2006 | ||
| 110 | |a Panini |e (edición) | ||
| 245 | 1 | 0 | |a World Cup : |b Panini Football Collections : 1970-2006 / |c Presen. de F.C. Panini. |
| 250 | |a Edición especial | ||
| 264 | 4 | |a Barcelona, España : |b GalaBooks Ediciones, |c 2010, c2010 | |
| 300 | |a 598 p. ; |c 27.0 cm. | ||
| 336 | |a texto |b txt |2 rdacontenido | ||
| 337 | |a sin mediación |b n |2 rdamedio | ||
| 338 | |a volumen |b nc |2 rdasoporte | ||
| 546 | |a Edición gráfica con texto multilingüe | ||
| 649 | |a XX | ||
| 650 | |a Deportistas Profesionales - |x Cromos (Ilustraciones) - |x Albumes | ||
| 650 | |a Deportistas Profesionales - |x Fotografías - |x Colecciones | ||
| 650 | |a Deportistas Profesionales - |x Biografías | ||
| 650 | |a Deportistas Profesionales - |x Historia - |y Siglo XX | ||
| 650 | |a Deportistas Profesionales - |x Historia - |y Siglo XXI | ||
| 650 | |a Deportistas - |x Cromos (Ilustraciones) - |x Albumes | ||
| 650 | |a Deportistas - |x Fotografías - |x Colecciones | ||
| 650 | |a Deportistas - |x Biografías | ||
| 650 | |a Deportistas - |x Historia - |y Siglo XX | ||
| 650 | |a Deportistas - |x Historia - |y Siglo XXI | ||
| 650 | |a Mundial de Futbol - |x Cromos (Ilustraciones) - |x Albumes - |x Tema Principal | ||
| 650 | |a Mundial de Futbol - |x Fotografías - |x Colecciones - |x Tema Principal | ||
| 650 | |a Mundial de Futbol - |x Historia - |x Tema Principal | ||
| 650 | |a Futbol - |x Competencias - |x Cromos (Ilustraciones) - |x Albumes | ||
| 650 | |a Futbol - |x Competencias - |x Fotografías - |x Colecciones | ||
| 650 | |a Futbol - |x Competencias - |x Historia | ||
| 650 | |a Futbol - |x Historia - |y Siglo XX | ||
| 650 | |a Futbol - |x Historia - |y Siglo XXI | ||
| 650 | |a Deportes Profesionales - |x Competencias - |x Cromos (Ilustraciones) - |x Albumes | ||
| 650 | |a Deportes Profesionales - |x Competencias - |x Fotografías - |x Colecciones | ||
| 650 | |a Deportes Profesionales - |x Competencias - |x Historia | ||
| 650 | |a Deportes Profesionales - |x Historia - |y Siglo XX | ||
| 650 | |a Deportes Profesionales - |x Historia - |y Siglo XXI | ||
| 650 | |a Deportes - |x Competencias - |x Cromos (Ilustraciones) - |x Albumes | ||
| 650 | |a Deportes - |x Competencias - |x Fotografías - |x Colecciones | ||
| 650 | |a Deportes - |x Competencias - |x Historia | ||
| 650 | |a Deportes - |x Historia - |y Siglo XX | ||
| 650 | |a Deportes - |x Historia - |y Siglo XXI | ||
| 650 | |a Cromos - |x Colecciones - |x Tema Principal | ||
| 650 | |a Retrato (Fotografía) - |x Colecciones | ||
| 650 | |a Fotografía - |x Colecciones | ||
| 700 | |a Panini, Franco Cosimo |e (presentación) | ||
| 910 | |a Fondo General | ||
| 920 | |a Impresos - Libros | ||
| 930 | |a Libros Antiguos y Raros | ||
| 905 | |a 108 | ||
| 901 | |a 0500339848 |b IT2 |c LRA |i C170506 |u 20250526 | ||
| 902 | |a https://opac.biblio.iteso.mx/vufind/Record/000423453 | ||